[Event "CZE-chT2F 1011"]
[Site "Czech Republic"]
[Date "2010.12.05"]
[Round "4.3"]
[White "Kalivoda, Jiri"]
[Black "Rakus, Pavel"]
[Result "1-0"]
[WhiteElo "2157"]
[BlackElo "2158"]
[PlyCount "85"]
[EventDate "2010.10.17"]
[EventType "team-tourn"]
[EventRounds "11"]
[EventCountry "CZE"]
[SourceTitle "EXT 2012"]
[Source "ChessBase"]
[SourceDate "2011.11.24"]
[SourceVersion "1"]
[SourceVersionDate "2011.11.24"]
[SourceQuality "1"]
[WhiteTeam "Dobra"]
[BlackTeam "Benesov"]
[WhiteTeamCountry "CZE"]
[BlackTeamCountry "CZE"]

1. c4 Nf6 2. Nc3 c5 3. e4 Nc6 4. g3 e5 5. Bg2 g6 6. Nge2 d6 7. d3 Be6 8. 0-0 Qd7 9. a3 Bg7 10. Rb1 a5 11. Nd5 Rb8 12. Bg5 Ng8 13. Nec3 Nd4 14. b4 axb4 15. axb4 cxb4 16. Rxb4 Bxd5 17. Nxd5 h6 18. Be3 Ne7 19. Nxe7 Qxe7 20. Bxd4 exd4 21. Qb3 0-0 22. Rb1 Qg5 23. Rb6 Qd2 24. Rxd6 Ra8 25. Rd1 Qe2 26. Bf1 Qg4 27. h3 Qh5 28. Rb1 Ra7 29. Rd7 Qf3 30. Qd1 Qf6 31. Rdxb7 Ra2 32. R7b2 Rfa8 33. Qe2 Rxb2 34. Rxb2 h5 35. Bg2 Ra1+ 36. Kh2 h4 37. Rb5 hxg3+ 38. fxg3 Bh6 39. e5 Qe7 40. Rb8+ Kg7 41. Rb7 Qa3 42. Qf2 Qf8 43. e6 1-0

[Event "CZE-chT2F 0910"]
[Site "Czech Republic"]
[Date "2010.01.17"]
[Round "5.5"]
[White "Hnilo, Jiri"]
[Black "Kalivoda, Jiri"]
[Result "0-1"]
[WhiteElo "2070"]
[BlackElo "2138"]
[PlyCount "80"]
[EventDate "2009.10.18"]
[EventType "team-tourn"]
[EventRounds "11"]
[EventCountry "CZE"]
[SourceTitle "EXT 2012"]
[Source "ChessBase"]
[SourceDate "2011.11.24"]
[SourceVersion "1"]
[SourceVersionDate "2011.11.24"]
[SourceQuality "1"]
[WhiteTeam "Bruntal"]
[BlackTeam "Dobra"]
[WhiteTeamCountry "CZE"]
[BlackTeamCountry "CZE"]

1. e4 e6 2. d4 d5 3. e5 c5 4. c3 Nc6 5. Nf3 Qb6 6. Be2 Bd7 7. 0-0 cxd4 8. cxd4 f5 9. b3 Nh6 10. Na3 Nf7 11. Nc2 Be7 12. Kh1 g5 13. Ng1 g4 14. f4 Rg8 15. Qd2 Rg6 16. Rd1 Kf8 17. Ba3 Bxa3 18. Nxa3 a6 19. Nc2 Kg7 20. b4 Rh6 21. Bf1 Qd8 22. g3 Rg6 23. Bd3 h5 24. Ne2 Qe7 25. Kg2 Rh8 26. a4 h4 27. b5 axb5 28. axb5 Ncd8 29. Qb4 Qe8 30. Rh1 Rgh6 31. Rac1 R8h7 32. Qb1 Qh8 33. Ne3 hxg3 34. hxg3 Rh2+ 35. Rxh2 Rxh2+ 36. Kg1 Qh3 37. Qc2 Ng5 38. fxg5 f4 39. Qc7 fxe3 40. Qxd7+ Nf7 0-1

[Event "CZE-chT2F 0910"]
[Site "Czech Republic"]
[Date "2009.12.06"]
[Round "4.5"]
[White "Kalivoda, Jiri"]
[Black "Fuksik, Jakub"]
[Result "0-1"]
[WhiteElo "2138"]
[BlackElo "2158"]
[PlyCount "86"]
[EventDate "2009.10.18"]
[EventType "team-tourn"]
[EventRounds "11"]
[EventCountry "CZE"]
[SourceTitle "EXT 2012"]
[Source "ChessBase"]
[SourceDate "2011.11.24"]
[SourceVersion "1"]
[SourceVersionDate "2011.11.24"]
[SourceQuality "1"]
[WhiteTeam "Dobra"]
[BlackTeam "Grygov II"]
[WhiteTeamCountry "CZE"]
[BlackTeamCountry "CSR"]

1. c4 e5 2. Nc3 Bb4 3. g3 Bxc3 4. bxc3 Nf6 5. Bg2 0-0 6. e4 c6 7. d4 d6 8. Ne2 h6 9. 0-0 Re8 10. Qd3 Nbd7 11. f4 Qe7 12. fxe5 dxe5 13. d5 Ng4 14. Be3 Nxe3 15. Qxe3 Nb6 16. c5 Na4 17. d6 Qe6 18. Rfd1 Rd8 19. c4 Qxc4 20. Rac1 Qb5 21. Bf1 Qa5 22. Rd3 Be6 23. Ra3 Qb4 24. Rc2 b6 25. cxb6 Nxb6 26. Rac3 Nc4 27. Qf3 Rxd6 28. Nc1 Nd2 29. Qe2 Nxe4 30. Re3 Qd4 31. Kh1 Bd5 32. Bg2 f5 33. Rd3 Qb6 34. Rb2 Qa6 35. Qh5 Rf8 36. Kg1 Qc4 37. Qd1 Qc5+ 38. Kh1 Nf2+ 39. Rxf2 Qxf2 40. Bxd5+ cxd5 41. Rxd5 Rxd5 42. Qxd5+ Kh7 43. Qd1 Rd8 0-1

[Event "CZE-chT2f 0607"]
[Site "Czech Republic"]
[Date "2006.11.19"]
[Round "3.3"]
[White "Holeksa, Zdenek"]
[Black "Kalivoda, Jiri"]
[Result "0-1"]
[WhiteElo "2170"]
[BlackElo "2107"]
[PlyCount "110"]
[EventDate "2006.10.14"]
[EventType "team"]
[EventRounds "11"]
[EventCountry "CZE"]
[SourceTitle "EXT 2009"]
[Source "ChessBase"]
[SourceDate "2008.11.26"]
[SourceVersion "1"]
[SourceVersionDate "2008.11.26"]
[SourceQuality "1"]

1. e4 e6 2. d4 d5 3. Nd2 c5 4. exd5 Qxd5 5. Ngf3 Nc6 6. Bc4 Qh5 7. Qe2 cxd4 8. 0-0 Nf6 9. Nb3 Bd6 10. Bg5 Bxh2+ 11. Nxh2 Qxg5 12. f4 Qh5 13. Rf3 0-0 14. Re1 Re8 15. Nd2 Bd7 16. Bd3 e5 17. f5 Nb4 18. Ne4 Nxe4 19. Bxe4 Bc6 20. f6 Bxe4 21. Qxe4 Nc6 22. Ng4 Qg6 23. Rg3 Kh8 24. fxg7+ Qxg7 25. Rf1 Qg6 26. Qf3 Rg8 27. Qf6+ Qxf6 28. Rxf6 Rg7 29. Rh6 Rg6 30. Rh5 f5 31. Rgh3 Rf8 32. Rxh7+ Kg8 33. Rh8+ Kf7 34. Nh6+ Kg7 35. Rxf8 Kxf8 36. Nxf5 Kf7 37. Rb3 Ke6 38. Nh4 Rg4 39. Nf3 b6 40. Kf2 e4 41. Ne1 Rf4+ 42. Ke2 Ne5 43. Rb4 Kd5 44. g3 Rf5 45. Ng2 Kc5 46. Rb3 d3+ 47. cxd3 exd3+ 48. Rxd3 Nxd3 49. Kxd3 Rf2 50. Nf4 Rxb2 51. Ke4 Rxa2 52. g4 Kd6 53. Kf5 Rf2 54. g5 Ke7 55. Kg4 Rxf4+ 0-1

[Event "Ostrava op-A"]
[Site "Ostrava"]
[Date "2002.05.24"]
[Round "8"]
[White "Vratny, Radim"]
[Black "Kalivoda, Jiri"]
[Result "1/2-1/2"]
[WhiteElo "2144"]
[BlackElo "2103"]
[PlyCount "129"]
[EventDate "2002.05.18"]
[EventType "swiss"]
[EventRounds "10"]
[EventCountry "CZE"]
[SourceTitle "CBM 088 Extra"]
[Source "ChessBase"]
[SourceDate "2002.07.01"]
[SourceVersion "2"]
[SourceVersionDate "2002.07.01"]
[SourceQuality "1"]

1. e4 e6 2. d4 d5 3. Nd2 c5 4. exd5 exd5 5. Ngf3 Nc6 6. Bb5 Bd6 7. dxc5 Bxc5 8. 0-0 Nge7 9. Nb3 Bd6 10. Bg5 0-0 11. Bh4 Qb6 12. Bd3 a5 13. a4 Nf5 14. Bxf5 Bxf5 15. Bg3 Bxg3 16. hxg3 Rad8 17. c3 Bg4 18. Nbd4 Qxb2 19. Qd3 Qb6 20. Rab1 Qc7 21. Rfe1 Bh5 22. Qb5 Rd7 23. Ne5 Nxe5 24. Rxe5 Bg6 25. Rbe1 Be4 26. Re3 Rd6 27. Re8 Rb6 28. Rxf8+ Kxf8 29. Qe2 Rb1+ 30. Kh2 Qd7 31. f3 Bg6 32. Nb5 h6 33. Nc7 Kg8 34. Re7 Qxa4 35. Qe5 Qd1 36. Kh3 Qh1+ 37. Kg4 f5+ 38. Kf4 Qc1+ 39. Qe3 Qxe3+ 40. Rxe3 Bf7 41. Re2 Rb3 42. Ra2 b6 43. Kxf5 Rxc3 44. Nb5 Rc5 45. Nd4 Rc4 46. Ke5 a4 47. Rb2 a3 48. Rxb6 Ra4 49. Rb1 a2 50. Ra1 Kf8 51. Nb5 d4 52. Nxd4 Rb4 53. Ne6+ Ke7 54. Rxa2 Rb5+ 55. Kf4 Bxe6 56. Ra7+ Kf6 57. g4 Rb2 58. Kg3 Bc4 59. Ra1 Ke5 60. Re1+ Re2 61. Ra1 Kd4 62. Ra7 g5 63. Ra1 Rd2 64. Rh1 Kc3 65. Rxh6 1/2-1/2

[Event "CZE-ch U16"]
[Site "Frymburk"]
[Date "2002.??.??"]
[Round "8"]
[White "Barton, Ondrej"]
[Black "Kalivoda, Jiri"]
[Result "0-1"]
[WhiteElo "1902"]
[BlackElo "2039"]
[PlyCount "52"]
[EventDate "2002.03.??"]
[EventType "swiss"]
[EventRounds "8"]
[EventCountry "CZE"]
[SourceTitle "EXT 2004"]
[Source "ChessBase"]
[SourceDate "2003.11.25"]
[SourceVersion "1"]
[SourceVersionDate "2003.11.25"]
[SourceQuality "1"]

1. e4 e6 2. d4 d5 3. Nc3 Bb4 4. Qg4 Nf6 5. Qxg7 Rg8 6. Qh6 Rg6 7. Qe3 dxe4 8. Bd2 Bxc3 9. Bxc3 Nc6 10. 0-0-0 Ne7 11. Qd2 Bd7 12. Ne2 Bc6 13. Nf4 Rg8 14. b3 Nf5 15. Bb2 Ng4 16. c4 Qg5 17. h4 Qh6 18. d5 0-0-0 19. g3 e3 20. fxe3 Ngxe3 21. Re1 Rxg3 22. Ne2 Rgg8 23. Nd4 exd5 24. Nxc6 bxc6 25. Bh3 Kb8 26. Rxe3 dxc4 0-1

[Event "CZE-ch U16"]
[Site "Frymburk"]
[Date "2002.??.??"]
[Round "2"]
[White "Kanovsky, David"]
[Black "Kalivoda, Jiri"]
[Result "1-0"]
[WhiteElo "2213"]
[BlackElo "2039"]
[PlyCount "61"]
[EventDate "2002.03.??"]
[EventType "swiss"]
[EventRounds "8"]
[EventCountry "CZE"]
[SourceTitle "EXT 2004"]
[Source "ChessBase"]
[SourceDate "2003.11.25"]
[SourceVersion "1"]
[SourceVersionDate "2003.11.25"]
[SourceQuality "1"]

1. e4 e6 2. d4 d5 3. Nd2 c5 4. exd5 exd5 5. Bb5+ Nc6 6. Ngf3 Bd6 7. dxc5 Bxc5 8. 0-0 Nge7 9. Nb3 Bd6 10. Bg5 0-0 11. Be2 Qc7 12. Bxe7 Qxe7 13. Re1 Qf6 14. c3 Be6 15. Nbd4 Rad8 16. Qa4 Nxd4 17. Qxd4 Qh6 18. Rad1 Bf5 19. Bd3 Bxd3 20. Qxd3 Qf6 21. g3 Bc7 22. Kg2 Rd7 23. Re2 h6 24. Rde1 Qd6 25. Nd4 Bd8 26. Re8 Bf6 27. Nb5 Qa6 28. Rxf8+ Kxf8 29. Qh7 g6 30. Qxh6+ Bg7 31. Qe3 1-0

[Event "CZE-ch U14"]
[Site "Czech Republic"]
[Date "2001.??.??"]
[Round "7"]
[White "Kalivoda, Jiri"]
[Black "Mejzlik, Ondrej"]
[Result "1-0"]
[WhiteElo "1815"]
[BlackElo "2025"]
[PlyCount "93"]
[EventDate "2001.??.??"]
[EventType "swiss"]
[EventRounds "9"]
[EventCountry "CZE"]
[SourceTitle "EXT 2003"]
[Source "ChessBase"]
[SourceDate "2002.11.25"]
[SourceVersion "1"]
[SourceVersionDate "2002.11.25"]
[SourceQuality "1"]

1. e4 c6 2. d4 d5 3. exd5 cxd5 4. c4 Nf6 5. Nc3 e6 6. c5 Nc6 7. Nf3 Be7 8. Bf4 0-0 9. Be2 Bd7 10. Ne5 Nxe5 11. Bxe5 b6 12. b4 Ne8 13. 0-0 Bf6 14. f4 h6 15. Ba6 Bxe5 16. fxe5 bxc5 17. bxc5 Qa5 18. Qd3 Rb8 19. Rab1 Nc7 20. Rb7 Ra8 21. Qg3 Bc6 22. Rxc7 Qxc7 23. Rf6 g6 24. Bd3 Kh8 25. Ne2 Rg8 26. Qh4 Rg7 27. Qxh6+ Kg8 28. Nf4 Qe7 29. Bxg6 Rb8 30. Bd3 Rb2 31. Qh3 Qb7 32. Rh6 Rb1+ 33. Bxb1 Qxb1+ 34. Kf2 Qc2+ 35. Ne2 Rh7 36. Rxh7 Qxh7 37. Qxh7+ Kxh7 38. Nf4 Kg7 39. g4 Bd7 40. g5 Ba4 41. Ke3 a5 42. h4 Bb5 43. h5 Bc4 44. Kd2 Bb5 45. Kc3 Ba4 46. Nd3 Bb5 47. Ne1 1-0

[Event "Morava-ch U13"]
[Site "Czech Republic"]
[Date "2000.??.??"]
[Round "?"]
[White "Kalivoda, Jiri"]
[Black "Hrouza, Ondrej"]
[Result "1-0"]
[WhiteElo "1815"]
[BlackElo "1695"]
[PlyCount "89"]
[EventDate "2000.??.??"]
[EventType "swiss"]
[EventRounds "9"]
[EventCountry "CZE"]
[SourceTitle "EXT 2006"]
[Source "ChessBase"]
[SourceDate "2005.11.24"]
[SourceVersion "1"]
[SourceVersionDate "2005.11.24"]
[SourceQuality "1"]

1. e4 c5 2. Nf3 d6 3. d4 cxd4 4. Nxd4 Nf6 5. Nc3 a6 6. f3 e6 7. Be3 Be7 8. Qd2 Qc7 9. g4 b5 10. h4 Bb7 11. 0-0-0 b4 12. Nce2 d5 13. e5 Nfd7 14. f4 Nb6 15. Ng3 Nc4 16. Qf2 Qa5 17. Kb1 Nd7 18. Bxc4 dxc4 19. Rhf1 Bd5 20. Nge2 Nc5 21. f5 b3 22. cxb3 Be4+ 23. Ka1 Nxb3+ 24. Nxb3 cxb3 25. Nc3 Rb8 26. fxe6 0-0 27. exf7+ Kh8 28. Rd4 Bc2 29. Rd5 Qxc3 30. Bc5 Qa5 31. a3 Bxc5 32. Rxc5 Qd8 33. e6 Qd6 34. Qe3 Rbd8 35. e7 Qd1+ 36. Qc1 Qxc1+ 37. Rxc1 g6 38. exd8Q Rxd8 39. Re5 Rf8 40. Rf1 Kg7 41. Re7 Bd3 42. Rf3 Bc4 43. g5 Rxf7 44. Rfxf7+ Bxf7 45. Ra7 1-0